[Event "Neumarkt am Wallersee op 16th"]
[Site "Neumarkt am Wallersee"]
[Date "2018.09.05"]
[Round "4"]
[White "Frank, Emanuel"]
[Black "Fleischer, Frank"]
[Result "1-0"]
[WhiteElo "2181"]
[BlackElo "2217"]
[PlyCount "67"]
[EventDate "2018.09.02"]
[EventType "swiss"]
[EventRounds "7"]
[EventCountry "AUT"]
[SourceTitle "CBM 186 Extra"]
[Source "ChessBase"]
[SourceDate "2018.08.24"]
[SourceVersion "1"]
[SourceVersionDate "2018.08.24"]
[SourceQuality "1"]

1. d4 e6 2. c4 f5 3. Nf3 Nf6 4. g3 Be7 5. Bg2 0-0 6. 0-0 Ne4 7. Nc3 d5 8. Qc2 Nc6 9. a3 a5 10. Rd1 Bf6 11. Be3 Ra6 12. Rab1 Ne7 13. Ne5 Bd7 14. Nxd7 Qxd7 15. f3 Nxc3 16. bxc3 Rb8 17. cxd5 exd5 18. Bf2 Ng6 19. Bh3 Ne7 20. e4 g6 21. c4 c6 22. a4 Raa8 23. cxd5 cxd5 24. Rb5 Kh8 25. Qb3 Ra6 26. e5 Bg7 27. Rb1 b6 28. f4 Nc6 29. Qxd5 Qxd5 30. Rxd5 Nb4 31. Rd7 b5 32. axb5 Rab6 33. Bf1 Bf8 34. d5 1-0

[Event "Neumarkt am Wallersee op 16th"]
[Site "Neumarkt am Wallersee"]
[Date "2018.09.04"]
[Round "3"]
[White "Fleischer, Frank"]
[Black "Schein, Karl Heinz"]
[Result "1-0"]
[WhiteElo "2217"]
[BlackElo "2177"]
[PlyCount "55"]
[EventDate "2018.09.02"]
[EventType "swiss"]
[EventRounds "7"]
[EventCountry "AUT"]
[SourceTitle "CBM 186 Extra"]
[Source "ChessBase"]
[SourceDate "2018.08.24"]
[SourceVersion "1"]
[SourceVersionDate "2018.08.24"]
[SourceQuality "1"]

1. e4 e5 2. Nf3 Nc6 3. Bb5 a6 4. Ba4 Nf6 5. 0-0 Be7 6. Re1 b5 7. Bb3 d6 8. c3 0-0 9. h3 Nb8 10. d4 Nbd7 11. Nbd2 Bb7 12. a4 c5 13. Bc2 Re8 14. Nf1 Bf8 15. Ng3 g6 16. d5 c4 17. Bg5 Be7 18. Qd2 Nc5 19. Be3 Qc7 20. Nh2 Nfd7 21. Ng4 Nb6 22. Bg5 Qd8 23. Nh6+ Kf8 24. Bxe7+ Qxe7 25. Nhf5 gxf5 26. Qh6+ Kg8 27. Nxf5 Qf8 28. Qg5+ 1-0

[Event "Oberliga Wuerttemberg 1718"]
[Site "Wuerttemberg"]
[Date "2018.04.22"]
[Round "9.35"]
[White "Fleischer, Frank"]
[Black "Trachtmann, Mark"]
[Result "1/2-1/2"]
[WhiteElo "2215"]
[BlackElo "2273"]
[PlyCount "119"]
[EventDate "2017.09.17"]
[EventType "team-tourn"]
[EventRounds "9"]
[EventCountry "GER"]
[SourceTitle "EXT 2019"]
[Source "ChessBase"]
[SourceDate "2018.10.10"]
[SourceVersion "1"]
[SourceVersionDate "2018.10.10"]
[SourceQuality "1"]
[WhiteTeam "Ulm Weisse Dame"]
[BlackTeam "Schmiden Cannstatt"]
[WhiteTeamCountry "GER"]
[BlackTeamCountry "GER"]

1. e4 g6 2. d4 Bg7 3. f4 d6 4. Nf3 Nf6 5. Nc3 0-0 6. Be3 c6 7. e5 Nd5 8. Nxd5 cxd5 9. Bd3 Qb6 10. Qc1 Nc6 11. c3 Na5 12. b3 Bd7 13. Qd2 dxe5 14. dxe5 Qc7 15. 0-0 Nc6 16. Rac1 Bg4 17. Nd4 Rfc8 18. h3 Bd7 19. Qf2 Nd8 20. Rc2 Ne6 21. Nxe6 Bxe6 22. Bxa7 f6 23. Bb6 Qd7 24. Bd4 fxe5 25. Bxe5 Bxe5 26. fxe5 Rf8 27. Qe3 Rxf1+ 28. Kxf1 Rf8+ 29. Rf2 Rxf2+ 30. Kxf2 Qc7 31. Qd4 Qc8 32. c4 Qf8+ 33. Kg3 dxc4 34. Bxc4 Bxc4 35. Qxc4+ Kg7 36. Qc7 g5 37. Qc4 Qf5 38. Qd4 Qb1 39. e6+ Kg6 40. Kh2 Qe1 41. Qd3+ Kf6 42. Qf3+ Kxe6 43. Qxb7 h5 44. Qc8+ Kf6 45. Qc6+ Kg7 46. Qc7 h4 47. a4 Kf6 48. a5 e5 49. Qd8+ Kf5 50. Qf8+ Kg6 51. a6 Qg3+ 52. Kg1 Qe1+ 53. Qf1 Qe3+ 54. Qf2 Qc1+ 55. Kh2 e4 56. Qb6+ Kh5 57. a7 Qf4+ 58. Kh1 e3 59. Qa6 Qf2 60. a8Q 1/2-1/2

[Event "Oberliga Wuerttemberg 1718"]
[Site "Wuerttemberg"]
[Date "2018.03.18"]
[Round "8"]
[White "Fleischer, Frank"]
[Black "Jurek, Josef"]
[Result "1/2-1/2"]
[WhiteElo "2215"]
[BlackElo "2264"]
[PlyCount "57"]
[EventDate "2017.09.17"]
[EventType "team-tourn"]
[EventRounds "9"]
[EventCountry "GER"]
[SourceTitle "EXT 2019"]
[Source "ChessBase"]
[SourceDate "2018.10.10"]
[SourceVersion "1"]
[SourceVersionDate "2018.10.10"]
[SourceQuality "1"]
[WhiteTeam "Ulm Weisse Dame"]
[BlackTeam "Schwaebisch Gmuend"]
[WhiteTeamCountry "GER"]
[BlackTeamCountry "GER"]

1. e4 c5 2. c3 Nf6 3. e5 Nd5 4. Nf3 e6 5. d4 cxd4 6. cxd4 b6 7. Bc4 Ba6 8. b3 Qc8 9. Nbd2 Bb4 10. 0-0 b5 11. Bxd5 exd5 12. Bb2 Be7 13. b4 Bxb4 14. Qb3 Bxd2 15. Nxd2 Qb7 16. Rfc1 0-0 17. Ba3 Re8 18. Bd6 Nc6 19. Qxd5 Na5 20. Qxb7 Bxb7 21. a4 a6 22. f4 Bc6 23. axb5 axb5 24. Bb4 Nb7 25. Kf2 h5 26. Nb3 Bd5 27. Nc5 Nxc5 28. Bxc5 Rxa1 29. Rxa1 1/2-1/2

[Event "Oberliga Wuerttemberg 1718"]
[Site "Wuerttemberg"]
[Date "2017.10.22"]
[Round "3"]
[White "Heidenfeld, Mark"]
[Black "Fleischer, Frank"]
[Result "1-0"]
[WhiteElo "2357"]
[BlackElo "2215"]
[PlyCount "65"]
[EventDate "2017.09.17"]
[EventType "team-tourn"]
[EventRounds "9"]
[EventCountry "GER"]
[SourceTitle "EXT 2019"]
[Source "ChessBase"]
[SourceDate "2018.10.10"]
[SourceVersion "1"]
[SourceVersionDate "2018.10.10"]
[SourceQuality "1"]
[WhiteTeam "Jedesheim"]
[BlackTeam "Ulm Weisse Dame"]
[WhiteTeamCountry "GER"]
[BlackTeamCountry "GER"]

1. e4 e6 2. d4 d5 3. Nc3 Bb4 4. Nge2 dxe4 5. a3 Bxc3+ 6. Nxc3 Nc6 7. Bb5 Nge7 8. Bg5 f6 9. Be3 0-0 10. Qd2 f5 11. 0-0-0 a6 12. Bxc6 Nxc6 13. f3 b5 14. fxe4 b4 15. axb4 Nxb4 16. d5 a5 17. Bc5 Re8 18. exf5 exd5 19. Rhf1 Bb7 20. f6 gxf6 21. Qh6 Ra6 22. Rf3 Qd7 23. Rdf1 Qf7 24. Rg3+ Kh8 25. Bd4 Ree6 26. Rgf3 Qg7 27. Qh4 Qxg2 28. R1f2 Qh1+ 29. Nd1 Na2+ 30. Kb1 Qxd1+ 31. Kxa2 Re4 32. Rxf6 Rxh4 33. Rf8# 1-0

[Event "Deizisau op 11th"]
[Site "Deizisau"]
[Date "2016.10.28"]
[Round "1"]
[White "Fleischer, Frank"]
[Black "Dobrikov, Marco"]
[Result "0-1"]
[WhiteElo "2211"]
[BlackElo "1926"]
[PlyCount "71"]
[EventDate "2016.10.28"]
[EventType "swiss"]
[EventRounds "7"]
[EventCountry "GER"]
[SourceTitle "EXT 2018"]
[Source "ChessBase"]
[SourceDate "2017.10.13"]
[SourceVersion "1"]
[SourceVersionDate "2017.10.13"]
[SourceQuality "1"]

1. e4 c5 2. c3 d5 3. exd5 Qxd5 4. d4 Nf6 5. Nf3 Bg4 6. Be2 e6 7. 0-0 Be7 8. h3 Bh5 9. Be3 cxd4 10. cxd4 0-0 11. Nc3 Qd6 12. Qb3 Nc6 13. Rfd1 Nb4 14. Rac1 Nbd5 15. Bg5 Rfd8 16. g4 Bg6 17. Ne5 Qb4 18. Qxb4 Nxb4 19. Bf3 Rab8 20. Bf4 Bd6 21. Nb5 Nfd5 22. Bg3 Bxe5 23. Bxe5 Rbc8 24. a3 Rxc1 25. Rxc1 Nd3 26. Ra1 Nxb2 27. Nxa7 Bd3 28. Rc1 Nc4 29. Rd1 Nxe5 30. dxe5 Nf4 31. Bxb7 Rd7 32. Ba6 Nxh3+ 33. Kh2 Nxf2 34. Rd2 Nxg4+ 35. Kg3 Nxe5 36. Rb2 0-1

[Event "Neumarkt am Wallersee op 15th"]
[Site "Neumarkt am Wallersee"]
[Date "2016.08.26"]
[Round "7"]
[White "Hess, Christian"]
[Black "Fleischer, Frank"]
[Result "0-1"]
[WhiteElo "2231"]
[BlackElo "2205"]
[PlyCount "78"]
[EventDate "2016.08.20"]
[EventType "swiss"]
[EventRounds "9"]
[EventCountry "AUT"]
[SourceTitle "CBM 174 Extra"]
[Source "ChessBase"]
[SourceDate "2016.10.10"]
[SourceVersion "1"]
[SourceVersionDate "2016.10.10"]
[SourceQuality "1"]

1. Nf3 e6 2. g3 f5 3. Bg2 Nf6 4. 0-0 Be7 5. c4 0-0 6. d3 Nc6 7. Nc3 d6 8. Rb1 Qe8 9. b4 Qh5 10. Qb3 Kh8 11. b5 Nd8 12. a4 Nf7 13. Qc2 Ng4 14. h3 Nge5 15. Nxe5 dxe5 16. Kh2 g5 17. Kg1 Rb8 18. e3 b6 19. Qe2 Qg6 20. Ra1 Nh6 21. Bb2 Kg8 22. a5 g4 23. axb6 axb6 24. Ra7 Bd6 25. Re1 Rf7 26. Rea1 gxh3 27. Bxh3 Bb7 28. Re1 Bc5 29. Bg2 Bxg2 30. Kxg2 Ng4 31. Qf3 f4 32. exf4 exf4 33. Ne4 fxg3 34. Qxg3 Rbf8 35. f3 Rxf3 36. Qxf3 Ne3+ 37. Kh2 Rxf3 38. Rg1 Ng4+ 39. Rxg4 Qxg4 0-1

[Event "Neumarkt am Wallersee op 15th"]
[Site "Neumarkt am Wallersee"]
[Date "2016.08.24"]
[Round "5"]
[White "Fleischer, Frank"]
[Black "Frank, Emanuel"]
[Result "1/2-1/2"]
[WhiteElo "2205"]
[BlackElo "2163"]
[PlyCount "109"]
[EventDate "2016.08.20"]
[EventType "swiss"]
[EventRounds "9"]
[EventCountry "AUT"]
[SourceTitle "CBM 174 Extra"]
[Source "ChessBase"]
[SourceDate "2016.10.10"]
[SourceVersion "1"]
[SourceVersionDate "2016.10.10"]
[SourceQuality "1"]

1. e4 e5 2. Nf3 Nc6 3. Bb5 a6 4. Ba4 Nf6 5. 0-0 Be7 6. Re1 b5 7. Bb3 d6 8. c3 0-0 9. h3 Na5 10. Bc2 c5 11. d4 Qc7 12. Nbd2 cxd4 13. cxd4 Nc6 14. d5 Nb4 15. Bb1 a5 16. Nf1 Bd7 17. Bd2 Na6 18. Bd3 Nc5 19. Rc1 Qb7 20. Bb1 a4 21. Ng3 Rfc8 22. Be3 Na6 23. Qd2 Bd8 24. Bd3 Rxc1 25. Rxc1 Rc8 26. Qe2 Rxc1+ 27. Bxc1 Nc5 28. Bc2 h6 29. Be3 Qc8 30. Bd2 Nb7 31. Bd3 Bb6 32. Kh2 Qe8 33. Nh4 Nc5 34. Bc2 Qb8 35. Nhf5 Kf8 36. Qf3 Ng8 37. Qa3 Ne7 38. Nxe7 Kxe7 39. f4 f6 40. Qf3 Qe8 41. f5 Qf7 42. Bd1 Kf8 43. Qe3 Be8 44. Bh5 Qc7 45. Qe2 Bxh5 46. Nxh5 Qd7 47. Be3 Ba7 48. Bd2 Qe8 49. Ng3 Qb8 50. Qg4 Qb7 51. Nh5 Qf7 52. Bb4 Qc7 53. Kg3 Qf7 54. Kh4 Bb6 55. Kg3 1/2-1/2

[Event "Neumarkt am Wallersee op 15th"]
[Site "Neumarkt am Wallersee"]
[Date "2016.08.21"]
[Round "2"]
[White "Moesl, Felix"]
[Black "Fleischer, Frank"]
[Result "0-1"]
[WhiteElo "1845"]
[BlackElo "2205"]
[PlyCount "102"]
[EventDate "2016.08.20"]
[EventType "swiss"]
[EventRounds "9"]
[EventCountry "AUT"]
[SourceTitle "CBM 174 Extra"]
[Source "ChessBase"]
[SourceDate "2016.10.10"]
[SourceVersion "1"]
[SourceVersionDate "2016.10.10"]
[SourceQuality "1"]

1. d4 e6 2. Nf3 f5 3. g3 Nf6 4. Bg2 Be7 5. 0-0 0-0 6. b3 Ne4 7. Bb2 Bf6 8. Nfd2 d5 9. c4 c5 10. Nxe4 dxe4 11. e3 Nc6 12. Na3 cxd4 13. exd4 Nxd4 14. Rb1 e5 15. Nb5 Nxb5 16. cxb5 Be6 17. Qe2 Qa5 18. a3 Rfd8 19. b4 Qb6 20. Rfd1 Rac8 21. Rxd8+ Rxd8 22. Bf1 Qd6 23. Qe3 b6 24. Rc1 Qd2 25. Bc3 Qxe3 26. fxe3 Rc8 27. Bb2 Rxc1 28. Bxc1 Kf7 29. Kf2 Bb3 30. Be2 Ke6 31. Ke1 Kd5 32. Kd2 Bc4 33. Bd1 Bxb5 34. Kc3 Bc4 35. a4 a6 36. Bc2 b5 37. Bd1 Bg5 38. Bd2 g6 39. Bc2 Bf6 40. Be1 Bg7 41. Bf2 Bh6 42. axb5 axb5 43. h4 f4 44. gxf4 exf4 45. Kd2 g5 46. hxg5 Bxg5 47. Bd1 f3 48. Bg3 h5 49. Bf2 Be7 50. Kc3 Bf6+ 51. Kd2 h4 0-1

[Event "Arber op 5th"]
[Site "Bodenmais"]
[Date "2016.08.04"]
[Round "6"]
[White "Fleischer, Frank"]
[Black "Thelen, Armin"]
[Result "1-0"]
[WhiteElo "2205"]
[BlackElo "2015"]
[PlyCount "97"]
[EventDate "2016.07.30"]
[EventType "swiss"]
[EventRounds "9"]
[EventCountry "GER"]
[SourceTitle "CBM 173 Extra"]
[Source "ChessBase"]
[SourceDate "2016.08.29"]
[SourceVersion "1"]
[SourceVersionDate "2016.08.29"]
[SourceQuality "1"]

1. e4 e5 2. Nf3 Nf6 3. Nxe5 d6 4. Nf3 Nxe4 5. d3 Nf6 6. d4 d5 7. c3 Bd6 8. Bg5 0-0 9. Be2 Re8 10. 0-0 h6 11. Bh4 c6 12. Nbd2 Bf5 13. Re1 Nbd7 14. Bg3 Qc7 15. b4 Ne4 16. Nxe4 Rxe4 17. Bf1 Bxg3 18. hxg3 Rae8 19. Qd2 a5 20. a3 b5 21. a4 axb4 22. axb5 bxc3 23. Qxc3 Rxe1 24. Rxe1 Rxe1 25. Qxe1 cxb5 26. Qe8+ Nf8 27. Bxb5 Bd7 28. Bxd7 Qxd7 29. Qa8 f6 30. Nd2 Kf7 31. Nf1 Ne6 32. Qa1 Qb7 33. Ne3 Qb4 34. Nf5 Qb6 35. Kh2 Kg6 36. g4 Kh7 37. Qa4 Qc7+ 38. g3 Ng5 39. Kg2 Ne6 40. Qe8 Nf4+ 41. gxf4 Qxf4 42. Qe2 h5 43. Qf3 Qg5 44. Ne3 hxg4 45. Qxg4 Qxg4+ 46. Nxg4 Kg6 47. Ne3 Kg5 48. Kg3 f5 49. Nxd5 1-0

[Event "Arber op 5th"]
[Site "Bodenmais"]
[Date "2016.07.31"]
[Round "2"]
[White "Fleischer, Frank"]
[Black "Stinka, Jakub"]
[Result "1/2-1/2"]
[WhiteElo "2205"]
[BlackElo "1916"]
[PlyCount "89"]
[EventDate "2016.07.30"]
[EventType "swiss"]
[EventRounds "9"]
[EventCountry "GER"]
[SourceTitle "CBM 173 Extra"]
[Source "ChessBase"]
[SourceDate "2016.08.29"]
[SourceVersion "1"]
[SourceVersionDate "2016.08.29"]
[SourceQuality "1"]

1. e4 c5 2. c3 d5 3. exd5 Qxd5 4. d4 e6 5. Nf3 Nf6 6. Bd3 cxd4 7. cxd4 Be7 8. Nc3 Qd8 9. 0-0 0-0 10. Be3 Nc6 11. a3 b6 12. Qe2 Bb7 13. Rad1 Rc8 14. Bb1 Re8 15. Qd3 g6 16. Ba2 Na5 17. Bg5 Nd5 18. Ne4 Bxg5 19. Nexg5 Nf4 20. Qe3 Nd5 21. Qd3 Nf4 22. Qd2 Qf6 23. Rfe1 Qf5 24. Qe3 Nc4 25. Bxc4 Rxc4 26. Ne4 Bxe4 27. Qxe4 Qxe4 28. Rxe4 Nd5 29. Re2 Rec8 30. g3 Rc1 31. Red2 Rxd1+ 32. Rxd1 Rc2 33. Rd2 Rxd2 34. Nxd2 Kf8 35. Kf1 Ke7 36. Ke2 Nf6 37. f3 Nd5 38. Kd3 f6 39. Ne4 Kd7 40. h4 Kc7 41. a4 Kd7 42. Nc3 Kd6 43. Ne4+ Kd7 44. Nc3 Kd6 45. Ne4+ 1/2-1/2

[Event "Neumarkt am Wallersee op 13th"]
[Site "Neumarkt am Wallersee"]
[Date "2014.08.28"]
[Round "6"]
[White "Harringer, Franz"]
[Black "Fleischer, Frank"]
[Result "1/2-1/2"]
[WhiteElo "2235"]
[BlackElo "2205"]
[PlyCount "37"]
[EventDate "2014.08.23"]
[EventType "swiss"]
[EventRounds "9"]
[EventCountry "AUT"]
[SourceTitle "EXT 2016"]
[Source "ChessBase"]
[SourceDate "2015.10.08"]
[SourceVersion "1"]
[SourceVersionDate "2015.10.08"]
[SourceQuality "1"]

1. e4 e6 2. d4 d5 3. Nc3 Nf6 4. e5 Nfd7 5. Nce2 c5 6. c3 Nc6 7. f4 Qb6 8. Nf3 Be7 9. g3 0-0 10. Bh3 Kh8 11. f5 cxd4 12. cxd4 exf5 13. Nc3 g5 14. Bxg5 Bxg5 15. Nxg5 Nxd4 16. Qh5 Qg6 17. Qxg6 hxg6 18. 0-0-0 Ne6 19. Nf3 1/2-1/2

[Event "Langenwang op"]
[Site "Langenwang"]
[Date "2014.01.17"]
[Round "8"]
[White "Diller, Peter"]
[Black "Fleischer, Frank"]
[Result "1-0"]
[WhiteElo "1987"]
[BlackElo "2206"]
[PlyCount "83"]
[EventDate "2014.01.10"]
[EventType "swiss"]
[EventRounds "9"]
[EventCountry "GER"]
[SourceTitle "EXT 2015"]
[Source "ChessBase"]
[SourceDate "2014.11.20"]
[SourceVersion "1"]
[SourceVersionDate "2014.11.20"]
[SourceQuality "1"]

1. e4 e6 2. f4 d5 3. e5 c5 4. Nf3 Nc6 5. c3 Bd7 6. Bd3 Qc7 7. Bc2 Nh6 8. d3 f6 9. Qe2 0-0-0 10. Nbd2 Nf7 11. exf6 gxf6 12. Nb3 e5 13. Bd2 Kb8 14. 0-0-0 Re8 15. fxe5 Nfxe5 16. Qf2 Ng4 17. Qh4 f5 18. h3 Be7 19. Ng5 Nge5 20. Qf2 d4 21. Nf3 Bf6 22. Nxc5 Bc8 23. Nxd4 Qa5 24. Nxc6+ Nxc6 25. Kb1 b6 26. Nb3 Qb5 27. d4 Be6 28. d5 Bxd5 29. Qxf5 Be5 30. Bf4 Rhg8 31. Nd4 Nxd4 32. Bxe5+ Ka8 33. cxd4 Rxg2 34. Rhg1 Re2 35. Rge1 Rxe1 36. Rxe1 Qa5 37. Re3 Rg8 38. Bg3 Qxa2+ 39. Kc1 a5 40. Ra3 Qc4 41. Qd3 Rc8 42. Rc3 1-0

[Event "Staufer op 26th"]
[Site "Schwaebisch Gmuend"]
[Date "2014.01.04"]
[Round "5"]
[White "Fleischer, Frank"]
[Black "Koenig, Dirk"]
[Result "1/2-1/2"]
[WhiteElo "2206"]
[BlackElo "2078"]
[PlyCount "41"]
[EventDate "2014.01.02"]
[EventType "swiss"]
[EventRounds "9"]
[EventCountry "GER"]
[SourceTitle "CBM 158 Extra"]
[Source "ChessBase"]
[SourceDate "2014.02.28"]
[SourceVersion "1"]
[SourceVersionDate "2014.02.28"]
[SourceQuality "1"]

1. e4 c5 2. c3 Nf6 3. e5 Nd5 4. Nf3 Nc6 5. d4 cxd4 6. Bc4 Nb6 7. Bb3 d6 8. exd6 Qxd6 9. 0-0 Bf5 10. cxd4 e6 11. Nc3 a6 12. Be3 Nb4 13. Ne5 Rd8 14. Qf3 N4d5 15. a4 Qb4 16. Ra3 Nxc3 17. Nxf7 Be4 18. Qg4 Bf5 19. Qf3 Be4 20. Qg4 Bf5 21. Qf3 1/2-1/2

[Event "Staufer op 26th"]
[Site "Schwaebisch Gmuend"]
[Date "2014.01.04"]
[Round "6"]
[White "Hehn, Hartmut"]
[Black "Fleischer, Frank"]
[Result "1-0"]
[WhiteElo "2047"]
[BlackElo "2206"]
[PlyCount "79"]
[EventDate "2014.01.02"]
[EventType "swiss"]
[EventRounds "9"]
[EventCountry "GER"]
[SourceTitle "CBM 158 Extra"]
[Source "ChessBase"]
[SourceDate "2014.02.28"]
[SourceVersion "1"]
[SourceVersionDate "2014.02.28"]
[SourceQuality "1"]

1. f4 d5 2. Nf3 b6 3. g3 Bb7 4. Bg2 Nf6 5. e3 g6 6. d3 Bg7 7. Nbd2 Nbd7 8. Ne5 c5 9. Ndf3 Qc7 10. 0-0 0-0 11. Bd2 b5 12. a4 b4 13. a5 Ba6 14. Re1 Rac8 15. c3 Nxe5 16. Nxe5 Nd7 17. d4 bxc3 18. Bxc3 Nxe5 19. fxe5 e6 20. Qg4 Bd3 21. Rad1 c4 22. e4 dxe4 23. Bxe4 Bxe4 24. Qxe4 Qc6 25. Qxc6 Rxc6 26. d5 exd5 27. Rxd5 Re8 28. Rd7 f6 29. Rxa7 fxe5 30. Rd1 Bf8 31. Kg2 Rd6 32. Rxd6 Bxd6 33. Rd7 Bc5 34. Rc7 Bd4 35. Rxc4 Bxc3 36. bxc3 Rd8 37. Ra4 Kf7 38. a6 Ke6 39. a7 Ra8 40. Ra5 1-0

[Event "Staufer op 26th"]
[Site "Schwaebisch Gmuend"]
[Date "2014.01.03"]
[Round "4"]
[White "Poetsch, Hagen"]
[Black "Fleischer, Frank"]
[Result "1-0"]
[WhiteElo "2474"]
[BlackElo "2206"]
[PlyCount "59"]
[EventDate "2014.01.02"]
[EventType "swiss"]
[EventRounds "9"]
[EventCountry "GER"]
[SourceTitle "CBM 158 Extra"]
[Source "ChessBase"]
[SourceDate "2014.02.28"]
[SourceVersion "1"]
[SourceVersionDate "2014.02.28"]
[SourceQuality "1"]

1. e4 e6 2. Nc3 d5 3. d4 Bb4 4. a3 Bxc3+ 5. bxc3 Ne7 6. Bd3 b6 7. Nf3 Ba6 8. Qe2 Bxd3 9. cxd3 0-0 10. Bg5 Re8 11. 0-0 Nbc6 12. e5 Qd7 13. Nd2 h6 14. Be3 Na5 15. f4 Kh7 16. g4 Rf8 17. Rf3 f5 18. exf6 Rxf6 19. Bf2 Ng6 20. Bg3 Raf8 21. Raf1 Qe7 22. h4 Qxa3 23. Nb1 Qa4 24. g5 hxg5 25. hxg5 Rf5 26. Re3 e5 27. Qh5+ Kg8 28. Qxg6 exf4 29. Qe6+ Kh7 30. Bxf4 1-0

[Event "Staufer op 26th"]
[Site "Schwaebisch Gmuend"]
[Date "2014.01.02"]
[Round "2"]
[White "Berchtenbreiter, Maximilian"]
[Black "Fleischer, Frank"]
[Result "1/2-1/2"]
[WhiteElo "2427"]
[BlackElo "2206"]
[PlyCount "67"]
[EventDate "2014.01.02"]
[EventType "swiss"]
[EventRounds "9"]
[EventCountry "GER"]
[SourceTitle "CBM 158 Extra"]
[Source "ChessBase"]
[SourceDate "2014.02.28"]
[SourceVersion "1"]
[SourceVersionDate "2014.02.28"]
[SourceQuality "1"]

1. d4 e6 2. c4 f5 3. g3 Nf6 4. Bg2 Be7 5. Nh3 0-0 6. Nf4 c6 7. d5 Qc7 8. Nc3 e5 9. Nd3 d6 10. 0-0 a5 11. b3 Na6 12. Ba3 c5 13. Nb5 Qd7 14. Nb2 Nc7 15. Nc3 Rb8 16. Qd2 b5 17. cxb5 Nxb5 18. Nxb5 Qxb5 19. Rac1 Ba6 20. Rc2 e4 21. Nd1 Ng4 22. Re1 Bf6 23. Bb2 Bxb2 24. Rxb2 Qb4 25. Nc3 Rbe8 26. e3 Ne5 27. a3 Qb7 28. Ra1 Bd3 29. Raa2 Rb8 30. Kh1 Qa6 31. Na4 Qa8 32. Nc3 Qa6 33. Na4 Qa8 34. Nc3 1/2-1/2

[Event "Merano Gold Cup 41st"]
[Site "Merano"]
[Date "2013.04.??"]
[Round "5"]
[White "Spanton, Timothy"]
[Black "Fleischer, Frank"]
[Result "0-1"]
[WhiteElo "2022"]
[BlackElo "2212"]
[PlyCount "80"]
[EventDate "2013.04.19"]
[EventType "swiss"]
[EventRounds "9"]
[EventCountry "ITA"]
[SourceTitle "EXT 2015"]
[Source "ChessBase"]
[SourceDate "2014.11.20"]
[SourceVersion "1"]
[SourceVersionDate "2014.11.20"]
[SourceQuality "1"]

1. b3 Nf6 2. Bb2 c5 3. e3 Nc6 4. Bb5 g6 5. f4 Bg7 6. Nf3 0-0 7. 0-0 Qc7 8. d3 d6 9. Nbd2 Bd7 10. a3 a6 11. Bxc6 Bxc6 12. Qe1 e6 13. Qh4 Qd8 14. e4 Nh5 15. Qxd8 Raxd8 16. Bxg7 Nxg7 17. Rab1 f6 18. g3 e5 19. Nc4 b5 20. Ne3 Ne6 21. f5 Nd4 22. Nh4 Ne2+ 23. Kf2 Nc3 24. Rb2 Kg7 25. Nd1 Nxd1+ 26. Rxd1 d5 27. exd5 Bxd5 28. Rf1 e4 29. c4 Bc6 30. cxb5 Bxb5 31. Rc1 exd3 32. Rd2 Rd5 33. a4 Bc6 34. fxg6 hxg6 35. Re1 g5 36. Re6 Bxa4 37. bxa4 gxh4 38. Rxa6 Rc8 39. Ra5 Rd7 40. Ke1 c4 0-1

[Event "Esslingen op-A 1st"]
[Site "Esslingen"]
[Date "2012.06.09"]
[Round "5.4"]
[White "Ortmann, David"]
[Black "Fleischer, Frank"]
[Result "1-0"]
[WhiteElo "2342"]
[BlackElo "2214"]
[PlyCount "76"]
[EventDate "2012.06.07"]
[EventType "swiss"]
[EventRounds "7"]
[EventCountry "GER"]
[SourceTitle "EXT 2015"]
[Source "ChessBase"]
[SourceDate "2014.11.20"]
[SourceVersion "1"]
[SourceVersionDate "2014.11.20"]
[SourceQuality "1"]

1. Nf3 e6 2. c4 f5 3. g3 Nf6 4. Bg2 Be7 5. 0-0 0-0 6. b3 c5 7. Bb2 Nc6 8. d4 cxd4 9. Nxd4 Nxd4 10. Qxd4 d6 11. Nc3 e5 12. Qd2 Qb6 13. Rad1 a5 14. Ba3 Ra6 15. e3 h6 16. Rfe1 Rd8 17. Re2 Be6 18. Nd5 Bxd5 19. Bxd5+ Kh7 20. Qc2 g6 21. Red2 Qc7 22. Bg2 e4 23. Bb2 Rc6 24. f3 d5 25. Bxf6 Bxf6 26. Rxd5 Rxd5 27. Rxd5 exf3 28. Qd2 Bg7 29. Bxf3 Qb6 30. Rb5 Rd6 31. Rxb6 Rxd2 32. Rxb7 Rxa2 33. c5 Rc2 34. c6 h5 35. Bd5 Kh6 36. c7 Be5 37. Bc4 Bxc7 38. Rxc7 a4 1-0

[Event "Staufer op 24th"]
[Site "Schwaebisch Gmuend"]
[Date "2012.01.06"]
[Round "9"]
[White "Fleischer, Frank"]
[Black "Dgebuadze, Alexandre"]
[Result "0-1"]
[WhiteElo "2200"]
[BlackElo "2551"]
[PlyCount "56"]
[EventDate "2012.01.02"]
[EventType "swiss"]
[EventRounds "9"]
[EventCountry "GER"]
[SourceTitle "CBM 146 Extra"]
[Source "ChessBase"]
[SourceDate "2012.02.29"]
[SourceVersion "1"]
[SourceVersionDate "2012.02.29"]
[SourceQuality "1"]

1. e4 e6 2. d4 d5 3. e5 c5 4. c3 Nc6 5. Nf3 Bd7 6. Be2 f6 7. 0-0 fxe5 8. Nxe5 Nxe5 9. dxe5 Qc7 10. Re1 Ne7 11. Na3 a6 12. c4 d4 13. Bf3 g6 14. Bg5 Bg7 15. Qe2 Nc6 16. Bxc6 Bxc6 17. Bf6 0-0 18. Qg4 Rae8 19. Bxg7 Qxg7 20. f4 Rf5 21. h4 h5 22. Qg3 Ref8 23. Rf1 Qh6 24. Qh3 Rxf4 25. Qxe6+ Kg7 26. Nc2 Be4 27. Qd7+ R4f7 28. Rxf7+ Rxf7 0-1

[Event "Staufer op 24th"]
[Site "Schwaebisch Gmuend"]
[Date "2012.01.03"]
[Round "3"]
[White "Fleischer, Frank"]
[Black "Stets, Dmitry"]
[Result "0-1"]
[WhiteElo "2200"]
[BlackElo "2479"]
[PlyCount "72"]
[EventDate "2012.01.02"]
[EventType "swiss"]
[EventRounds "9"]
[EventCountry "GER"]
[SourceTitle "CBM 146 Extra"]
[Source "ChessBase"]
[SourceDate "2012.02.29"]
[SourceVersion "1"]
[SourceVersionDate "2012.02.29"]
[SourceQuality "1"]

1. e4 c5 2. c3 Nf6 3. e5 Nd5 4. d4 cxd4 5. Nf3 Nc6 6. Bc4 e6 7. cxd4 d6 8. 0-0 Be7 9. Qe2 0-0 10. Rd1 Na5 11. Bxd5 exd5 12. Nc3 Be6 13. Bf4 Re8 14. Rac1 a6 15. h3 Rc8 16. Qd2 Nc4 17. Qe2 Qa5 18. exd6 Nxd6 19. Re1 h6 20. Ne5 Nf5 21. Qd2 Bf8 22. a3 b5 23. Ra1 Qb6 24. Red1 Nd6 25. Be3 Qb7 26. Bf4 Bf5 27. b3 Ne4 28. Nxe4 dxe4 29. d5 e3 30. fxe3 Rc2 31. Qe1 Be4 32. Rd2 Rxd2 33. Qxd2 Rd8 34. b4 Rxd5 35. Qe2 g5 36. Bh2 Bg7 0-1